| 000 | 00553nam a2200241Ia 4500 | ||
|---|---|---|---|
| 008 | 190123s9999 xx 000 0 und d | ||
| 020 | _a9780531139110 | ||
| 050 | _bD249 2008 | ||
| 100 | _aDavid, Jack | ||
| 245 | 0 | _aATVs / | |
| 245 | 0 | _cby Jack David. | |
| 260 | _aNew York, New York : | ||
| 260 | _bScholastic, | ||
| 260 | _c2008 | ||
| 300 | _a24 pages : | ||
| 300 | _bcolored illustrations ; | ||
| 300 | _c23cm. | ||
| 440 | _aTorque. | ||
| 500 | _a580L | ||
| 650 | _aAll terrain vehicles. | ||
| 700 | _aSeries. | ||
| 700 | _aTitle. | ||
| 999 |
_c360991 _d360991 |
||